000
00306pam a2200109a 44500
008
230405s2007 xxu||||| |||| 00| 0 eng d
041
_a
ENG
100
_a
Sananda Chatterji
245
_a
A Practical Approch to Chemist & Loboratoty Guide
260
_a
new delhi
_b
Dominant Publication
_c
2007
906
_a
14085
999
_c
304584
_d
304584